000
00289nam a2200121Ia 4500
008
241002s9999 xx 000 0 und d
082
_a
635.04 RED
100
_a
Reader Chigest
245
0
_a
Complete Library of the Garden
260
_a
London:
_c
1963
600
_a
Literature
942
_c
UC
999
_c
18851
_d
18851